[Event "?"]
[Site "Dresden"]
[Date "2013.07.20"]
[Round "1"]
[White "Danner, Lambert"]
[Black "Fritsch, Juergen"]
[Result "1-0"]
[WhiteElo "2124"]
[BlackElo "1958"]
[EventDate "2013.07.20"]
[PlyCount "87"]

1.g3 d5 2.c4 c6 3.Bg2 Nf6 4.Nf3 Bf5 5.cxd5 Nxd5 6.Nc3 e6 7.O-O Be7 8.Re1 
O-O 9.e4 Nxc3 10.bxc3 Bg6 11.d4 Qa5 12.Qb3 Qb6 13.Ne5 Rd8 14.Be3 Nd7 15.
Nc4 Qxb3 16.axb3 b6 17.Bf4 f6 18.e5 fxe5 19.Bxe5 Rdc8 20.Bd6 Kf7 21.Bh3 
Nf8 22.Ne5+ Ke8 23.Bxe7 Kxe7 24.Bg2 Kd6 25.b4 Be8 26.b5 cxb5 27.Bxa8 Rxa8 
28.Ra6 Kc7 29.Rea1 Kb7 30.f3 h6 31.Kf2 Nh7 32.Nd3 Nf6 33.Nb4 Bc6 34.Nxc6 
Kxc6 35.Rxa7 Rxa7 36.Rxa7 Nd5 37.Ra8 b4 38.cxb4 Nxb4 39.Ke3 Kb5 40.Ke4 Nd5
41.Ke5 Kb4 42.Rc8 Ne7 43.Rc7 Nf5 44.d5 1-0

[Event "EU-chT Seniors 15th"]
[Site "Dresden"]
[Date "2013.07.20"]
[Round "1"]
[White "Jeske, Eckhard"]
[Black "Van Geffen, Ben"]
[Result "1-0"]
[WhiteElo "2231"]
[BlackElo "2096"]
[EventDate "2013.07.20"]
[PlyCount "73"]

1.c4 c5 2.Nc3 Nf6 3.e4 Nc6 4.g3 d6 5.Bg2 Bg4 6.f3 Bd7 7.Nge2 g6 8.O-O Bg7 
9.d3 O-O 10.h3 Ne8 11.f4 f5 12.Rb1 Rb8 13.b3 a6 14.Bb2 Nd4 15.Kh2 b5 16.
Nxd4 Bxd4 17.Qd2 Nc7 18.Rbe1 e6 19.Re2 Qf6 20.Nd1 Bxb2 21.Nxb2 b4 22.e5 
Qe7 23.d4 d5 24.cxd5 Nxd5 25.Bxd5 exd5 26.dxc5 Qxc5 27.Rc1 Qb5 28.Nd3 Rbc8
29.Rxc8 Rxc8 30.Nxb4 Be6 31.Nc2 Kf7 32.Nd4 Qc5 33.Qd3 Qb6 34.Rd2 Rc1 35.
Kg2 Qb4 36.Nxe6 Kxe6 37.Qxd5+ 1-0

[Event "EU-chT Seniors 15th"]
[Site "Dresden"]
[Date "2013.07.20"]
[Round "1"]
[White "Biller, Helmut"]
[Black "Mishuchkov, Nikolai M"]
[Result "0-1"]
[WhiteElo "2098"]
[BlackElo "2359"]
[EventDate "2013.07.20"]
[PlyCount "112"]

1.d4 Nf6 2.c4 e6 3.Nc3 Bb4 4.e3 Nc6 5.Ne2 d5 6.a3 Bd6 7.c5 Be7 8.f4 O-O 9.
g3 a5 10.Rb1 Na7 11.Bg2 b6 12.b4 Bd7 13.O-O Nb5 14.Re1 axb4 15.axb4 Bc6 
16.Nxb5 Bxb5 17.Nc3 Bc4 18.Bf1 Bxf1 19.Rxf1 Ne4 20.Bb2 Qd7 21.Qd3 Nxc3 22.
Bxc3 Ra3 23.Ra1 Rfa8 24.Rxa3 Rxa3 25.Ra1 Rxa1+ 26.Bxa1 Qa4 27.Bc3 Qb3 28.
Qd2 h5 29.h4 Qb1+ 30.Kh2 Qf1 31.Qg2 Qd3 32.Bd2 Kh7 33.Qf2 Kg6 34.Be1 Qd1 
35.Qd2 Qxd2+ 36.Bxd2 Kf5 37.Kg2 Ke4 38.Kf2 Kd3 39.Be1 b5 40.Kf3 g6 41.Bf2 
c6 42.Be1 Bf6 43.Bf2 Bh8 44.g4 hxg4+ 45.Kxg4 Ke2 46.Kg3 f6 47.Kg2 e5 48.f5
gxf5 49.h5 Bg7 50.Bg1 f4 51.exf4 exf4 52.Bf2 f5 53.Bg1 Bh6 54.Bf2 Bg5 55.
Bg1 f3+ 56.Kg3 Bh6 0-1

[Event "EU-chT Seniors 15th"]
[Site "Dresden"]
[Date "2013.07.20"]
[Round "1"]
[White "Giulian, Philip"]
[Black "Tatai, Stefano"]
[Result "1/2-1/2"]
[WhiteElo "2230"]
[BlackElo "2365"]
[EventDate "2013.07.20"]
[PlyCount "61"]

1.d4 Nf6 2.c4 e6 3.Nc3 Bb4 4.e3 O-O 5.Ne2 d5 6.a3 Be7 7.cxd5 exd5 8.Nf4 
Re8 9.Bd3 c6 10.O-O Nbd7 11.f3 Nb6 12.Kh1 c5 13.dxc5 Bxc5 14.e4 dxe4 15.
Nxe4 Nxe4 16.Bxe4 Qxd1 17.Rxd1 Bd7 18.b3 Rad8 19.Bb2 Bc8 20.Nd5 f5 21.Nxb6
fxe4 22.Nxc8 exf3 23.gxf3 Rxc8 24.Rac1 Bb6 25.Rxc8 Rxc8 26.Rd7 Rd8 27.
Rxd8+ Bxd8 28.Kg2 Bc7 29.h3 Kf7 30.Bd4 a6 31.Kf2 1/2-1/2

[Event "EU-chT Seniors 15th"]
[Site "Dresden"]
[Date "2013.07.21"]
[Round "2"]
[White "Schmidt, Gerhard"]
[Black "Holscher, Peter"]
[Result "1/2-1/2"]
[WhiteElo "2093"]
[BlackElo "2085"]
[EventDate "2013.07.20"]
[PlyCount "98"]

1.e4 e6 2.d4 d5 3.Nc3 Bb4 4.Ne2 dxe4 5.a3 Be7 6.Nxe4 Nf6 7.N2g3 Nbd7 8.Bd3
b6 9.Qf3 Rb8 10.Nxf6+ Bxf6 11.c3 Bb7 12.Be4 Qc8 13.Bxb7 Qxb7 14.Qxb7 Rxb7 
15.Be3 O-O 16.O-O-O c6 17.Ne4 Be7 18.Bf4 Nf6 19.Nxf6+ Bxf6 20.Rhe1 Rd7 21.
Kc2 Rfd8 22.g4 Rd5 23.Be5 Bh4 24.Bg3 Bxg3 25.hxg3 h6 26.Re5 Kh7 27.Rde1 
Kg6 28.R1e4 Kf6 29.Rf4+ Ke7 30.Rff5 R5d6 31.Re2 g6 32.Rfe5 Rh8 33.Re1 Kf6 
34.Rh1 Kg7 35.Rhe1 Rd5 36.Kd3 h5 37.gxh5 Rxh5 38.c4 Rdxe5 39.Rxe5 Rh1 40.
Re2 Kf6 41.Ke4 Rc1 42.b3 Rb1 43.Re3 Rb2 44.Rf3+ Ke7 45.d5 f5+ 46.Ke5 exd5 
47.cxd5 cxd5 48.Kxd5 Rd2+ 49.Kc6 Rd6+ 1/2-1/2

[Event "EU-chT Seniors 15th"]
[Site "Dresden"]
[Date "2013.07.21"]
[Round "2"]
[White "Grottke, Hans Joachim"]
[Black "Mochalov, Evgeny V"]
[Result "0-1"]
[WhiteElo "2220"]
[BlackElo "2407"]
[EventDate "2013.07.20"]
[PlyCount "60"]

1.e4 c5 2.Nf3 e6 3.b3 b6 4.d4 cxd4 5.Nxd4 Bc5 6.Bb2 Qf6 7.Be2 Bb7 8.Bf3 
Nc6 9.c3 Nge7 10.O-O O-O 11.b4 Bxd4 12.cxd4 Rac8 13.Na3 Qg6 14.Qd2 a5 15.
bxa5 Nxa5 16.d5 f5 17.Rfe1 Nc4 18.Nxc4 Rxc4 19.Qd3 b5 20.Ba3 fxe4 21.Bxe4 
Rxe4 22.Qxe4 Rf5 23.Qh4 Bxd5 24.Qg3 Qf6 25.Qb8+ Kf7 26.Qd6 Rxf2 27.Qxe7+ 
Qxe7 28.Bxe7 Rxg2+ 29.Kf1 Kxe7 30.Rad1 Rxh2 0-1

[Event "EU-chT Seniors 15th"]
[Site "Dresden"]
[Date "2013.07.21"]
[Round "2"]
[White "Kupreichik, Viktor D"]
[Black "Walter, Guenter"]
[Result "1-0"]
[WhiteElo "2446"]
[BlackElo "2233"]
[EventDate "2013.07.20"]
[PlyCount "53"]

1.e4 e5 2.Nf3 Nc6 3.Bb5 a6 4.Ba4 Nf6 5.O-O Be7 6.Re1 b5 7.Bb3 d6 8.a4 Rb8 
9.axb5 axb5 10.c3 O-O 11.d4 Qe8 12.Nbd2 Nd7 13.Nf1 Bf6 14.Ne3 Nb6 15.Nd5 
Bd8 16.Be3 Nd7 17.h3 Ne7 18.dxe5 dxe5 19.Ba7 c6 20.Bxb8 Nxb8 21.Ne3 Bc7 
22.c4 b4 23.c5 Na6 24.Qc2 Ng6 25.Qc4 Be6 26.Qxa6 Bxb3 27.Qb7 1-0

[Event "EU-chT Seniors 15th"]
[Site "Dresden"]
[Date "2013.07.21"]
[Round "2"]
[White "Veremeichik, Vladimir"]
[Black "Urban, Hans Rainer"]
[Result "1/2-1/2"]
[WhiteElo "2340"]
[BlackElo "2133"]
[EventDate "2013.07.20"]
[PlyCount "164"]

1.d4 Nf6 2.c4 e6 3.Nc3 Bb4 4.Qc2 c5 5.dxc5 Na6 6.a3 Bxc3+ 7.Qxc3 Nxc5 8.f3
a5 9.e4 a4 10.Bf4 Qa5 11.Qxa5 Rxa5 12.Rd1 Kd8 13.Ne2 Ne8 14.Nc3 f6 15.Be2 
Rf8 16.O-O Rf7 17.Nb5 b6 18.Rf2 Bb7 19.Bf1 Bc6 20.Bd2 Ra8 21.Be3 Kc8 22.
Nd4 Bb7 23.Rfd2 Nc7 24.Nc2 N7a6 25.Nb4 Nb8 26.Bd3 Nc6 27.Be2 Ra5 28.Rc2 
Re7 29.Rc3 Rf7 30.Bf2 Re7 31.Bf1 Rf7 32.Nc2 Re7 33.Bg3 Rf7 34.Ne3 Ra8 35.
h3 Ba6 36.Nc2 Bb7 37.Re1 Ra5 38.Bf2 Ra8 39.Be2 Ra5 40.Ne3 Ra8 41.Nf1 Kc7 
42.Bd1 d6 43.Be2 Rd7 44.Nd2 Na5 45.Bd1 Bc6 46.Bc2 Rdd8 47.Nf1 Rab8 48.Rd1 
Nab3 49.Bxb3 Nxb3 50.Ne3 Nc5 51.Nc2 Ra8 52.Nb4 Be8 53.h4 h5 54.Be3 Ra5 55.
Kf2 Bf7 56.Rc2 Nb3 57.Rc3 Nc5 58.Nc2 Be8 59.Nd4 Bd7 60.Ne2 Be8 61.Nf4 Bf7 
62.Rc2 e5 63.Nd5+ Bxd5 64.cxd5 Rb5 65.Ke2 Kd7 66.Rdd2 Ke7 67.Rc4 Ra8 68.
Rdc2 Rba5 69.Kd1 R5a6 70.Rb4 R8a7 71.Rc3 Kd7 72.Kc2 Kc7 73.Rb5 Ra8 74.Rc4 
Ra5 75.Rxa5 Rxa5 76.Kb1 Ra8 77.Rc1 Rh8 78.Rg1 Rh7 79.Kc2 Kb7 80.Kc3 Ka6 
81.Kb4 Nd3+ 82.Kc3 Nc5 1/2-1/2

[Event "EU-chT Seniors 15th"]
[Site "Dresden"]
[Date "2013.07.21"]
[Round "2"]
[White "Staudte, Rainer"]
[Black "Guenther, Egbert"]
[Result "1/2-1/2"]
[WhiteElo "1919"]
[BlackElo "2032"]
[EventDate "2013.07.20"]
[PlyCount "120"]

1.d4 Nf6 2.c4 e5 3.dxe5 Ng4 4.Bf4 Nc6 5.Nf3 Bb4+ 6.Nc3 Qe7 7.e3 Bxc3+ 8.
bxc3 Ngxe5 9.Nxe5 Nxe5 10.Be2 d6 11.O-O O-O 12.Qa4 Bd7 13.Qb4 Bc6 14.Rfd1 
Kh8 15.Rd2 f5 16.Bxe5 Qxe5 17.Bf3 f4 18.Re2 Bxf3 19.gxf3 Rf6 20.Qxb7 Raf8 
21.Kh1 Rh6 22.Rg1 fxe3 23.Rg2 exf2 24.Rgxf2 Qxc3 25.Qe4 Rhf6 26.Re3 Qa5 
27.h3 h6 28.Qd5 Qb6 29.Rfe2 Rf5 30.Qe4 Qc5 31.Qd3 Qc6 32.Rf2 Rf4 33.Kg2 
Rxc4 34.Re7 Rc5 35.h4 Rcf5 36.Qd4 R5f6 37.Qg4 R6f7 38.Rxf7 Rxf7 39.Rb2 Qd5
40.h5 Qg5 41.Qxg5 hxg5 42.Rb7 Kh7 43.Kg3 Kh6 44.Kg4 Rf4+ 45.Kg3 Rc4 46.
Rxa7 d5 47.a4 d4 48.a5 d3 49.Kf2 Kxh5 50.Ke3 g4 51.fxg4+ Kxg4 52.Kxd3 Rc1 
53.a6 g5 54.Rb7 Ra1 55.a7 c6 56.Ke2 Kg3 57.Rc7 g4 58.Rh7 Kg2 59.Rc7 g3 60.
Rg7 c5 1/2-1/2

[Event "EU-chT Seniors 15th"]
[Site "Dresden"]
[Date "2013.07.21"]
[Round "2"]
[White "Palmo, Pentti"]
[Black "Hampel, Johannes"]
[Result "0-1"]
[WhiteElo "2034"]
[BlackElo "2137"]
[EventDate "2013.07.20"]
[PlyCount "52"]

1.e4 e6 2.d4 d5 3.Nd2 c5 4.Ngf3 Nc6 5.exd5 exd5 6.Bb5 Bd6 7.dxc5 Bxc5 8.
O-O Ne7 9.Nb3 Bd6 10.c4 dxc4 11.Bxc4 O-O 12.Bg5 Qc7 13.Rc1 Bg4 14.h3 Bh5 
15.Be2 Bf4 16.Bxf4 Qxf4 17.Rc4 Qf6 18.Qc1 Rac8 19.Nc5 Bxf3 20.gxf3 Nd4 21.
Re1 Nd5 22.Ne4 Qg6+ 23.Kh2 Nxe2 24.Rxe2 Rxc4 25.Qxc4 Nf4 26.Ng3 Qh6 0-1

[Event "EU-chT Seniors 15th"]
[Site "Dresden"]
[Date "2013.07.21"]
[Round "2"]
[White "Tseitlin, Mark"]
[Black "Kristiansen, Erling"]
[Result "1-0"]
[WhiteElo "2388"]
[BlackElo "2219"]
[EventDate "2013.07.20"]
[PlyCount "87"]

1.e4 e5 2.Nf3 Nc6 3.d4 exd4 4.Nxd4 g6 5.Nc3 Bg7 6.Be3 Nge7 7.Qd2 d5 8.Nxc6
bxc6 9.Bd4 f6 10.O-O-O Be6 11.Qe3 Kf7 12.Bc5 Re8 13.Bc4 Qc8 14.Bxe7 dxc4 
15.Ba3 Qa6 16.f4 Rab8 17.Qf3 f5 18.e5 Bf8 19.Bxf8 Rxf8 20.Rd2 Qb6 21.Nd1 
Qa5 22.a3 Rxb2 23.Nxb2 c3 24.Rd3 Qxa3 25.Rxc3 Qa1+ 26.Kd2 Qxh1 27.Rxc6 
Rd8+ 28.Nd3 Bd5 29.Rf6+ Kg7 30.Qe3 Qxg2+ 31.Kc3 Re8 32.Qxa7 Ra8 33.Qxc7+ 
Kh6 34.Qc5 Qh1 35.Rf8 Ra4 36.Qf2 Rc4+ 37.Kb2 Rc7 38.Rb8 Rd7 39.Rb6 Bf7 40.
Rb3 Bd5 41.Rb6 Be4 42.Nc5 Bxc2 43.Qh4+ Kg7 44.Ne6+ 1-0

[Event "EU-chT Seniors 15th"]
[Site "Dresden"]
[Date "2013.07.21"]
[Round "2"]
[White "Singer, Hans"]
[Black "Pushkov, Nikolai"]
[Result "0-1"]
[WhiteElo "2168"]
[BlackElo "2396"]
[EventDate "2013.07.20"]
[PlyCount "76"]

1.Nf3 Nf6 2.c4 e6 3.Nc3 d5 4.d4 Nbd7 5.cxd5 exd5 6.Bg5 h6 7.Bh4 Be7 8.e3 
O-O 9.Bd3 c6 10.Qc2 Re8 11.O-O Ne4 12.Bxe4 Bxh4 13.Bh7+ Kh8 14.Bf5 Be7 15.
Rad1 Nf6 16.Ne5 Kg8 17.a3 Bd6 18.f4 Qe7 19.Rfe1 Bxf5 20.Qxf5 Rad8 21.Rc1 
Qe6 22.Qxe6 Rxe6 23.h3 Ne8 24.Nd3 Nf6 25.Ne5 Bxe5 26.fxe5 Ne8 27.e4 dxe4 
28.Rxe4 Nc7 29.Kf2 Re7 30.Ke3 Ne6 31.Ne2 Ng5 32.Rf4 f6 33.Rf5 Nf7 34.Kf4 
fxe5+ 35.dxe5 g6 36.Rf6 Nxe5 37.Kg3 Kg7 38.Rcf1 Rd2 0-1

[Event "EU-chT Seniors 15th"]
[Site "Dresden"]
[Date "2013.07.21"]
[Round "2"]
[White "Strobel, Ferdinand"]
[Black "Chernikov, Oleg"]
[Result "1/2-1/2"]
[WhiteElo "2099"]
[BlackElo "2406"]
[EventDate "2013.07.20"]
[PlyCount "37"]

1.f4 Nf6 2.Nf3 g6 3.g3 Bg7 4.Bg2 c5 5.d3 d5 6.O-O O-O 7.c3 Nc6 8.Na3 Rb8 
9.Nc2 d4 10.c4 a6 11.a4 b6 12.Bd2 a5 13.h3 h5 14.Ng5 Nb4 15.Nxb4 axb4 16.
Qe1 Bf5 17.Qf2 Nh7 18.Nxh7 Kxh7 19.g4 1/2-1/2

[Event "EU-chT Seniors 15th"]
[Site "Dresden"]
[Date "2013.07.21"]
[Round "2"]
[White "Vasiukov, Evgeny"]
[Black "Titz, Heimo"]
[Result "1-0"]
[WhiteElo "2461"]
[BlackElo "2204"]
[EventDate "2013.07.20"]
[PlyCount "50"]

1.e4 c5 2.Nf3 e6 3.c4 Nc6 4.Nc3 Nf6 5.d4 cxd4 6.Nxd4 Bb4 7.Nxc6 bxc6 8.Bd2
O-O 9.e5 Bxc3 10.Bxc3 Ne4 11.Qd4 Nxc3 12.Qxc3 f6 13.Be2 fxe5 14.Qxe5 Rf5 
15.Qc3 Qb6 16.O-O Rb8 17.Qg3 a5 18.Bd3 Rf7 19.Rae1 Rb7 20.b3 d5 21.Re5 Qd8
22.Rfe1 Rbe7 23.Bxh7+ Kf8 24.Bg6 Rf6 25.Rh5 Kg8 1-0

[Event "EU-chT Seniors 15th"]
[Site "Dresden"]
[Date "2013.07.21"]
[Round "2"]
[White "Zhelnin, Vladimir"]
[Black "Dueckstein, Andreas"]
[Result "1-0"]
[WhiteElo "2459"]
[BlackElo "2192"]
[EventDate "2013.07.20"]
[PlyCount "109"]

1.e4 e5 2.Bc4 Nc6 3.Nf3 Nf6 4.d3 Be7 5.O-O O-O 6.Re1 d6 7.c3 a6 8.Bb3 Na5 
9.Bc2 c5 10.Nbd2 b5 11.Nf1 Nc6 12.Ng3 Qc7 13.h3 d5 14.Nf5 dxe4 15.dxe4 Be6
16.Nh2 Rad8 17.Qf3 Rd7 18.Ng4 Bd8 19.a4 b4 20.Bd3 Nxg4 21.hxg4 c4 22.Bf1 
Na5 23.cxb4 Nb3 24.Rb1 Bxf5 25.exf5 Be7 26.Re4 Rd4 27.Be3 Bxb4 28.Bxd4 Nd2
29.Qg3 Nxe4 30.Qxe5 Qxe5 31.Bxe5 Bc5 32.Bxc4 Bxf2+ 33.Kh1 Nd2 34.Rc1 Nxc4 
35.Rxc4 f6 36.Bc3 Bg3 37.Kg1 Rd8 38.Kf1 h5 39.Ke2 Rd5 40.gxh5 Rxf5 41.Rg4 
Bf4 42.Rh4 Bh6 43.Rh3 Rg5 44.g3 Rg4 45.a5 Re4+ 46.Kf2 f5 47.Rh4 Re6 48.Rc4
Bg5 49.Rc7 Bf6 50.Bxf6 Rxf6 51.b4 Kh7 52.Rb7 Re6 53.Rb6 Re4 54.Kf3 Kg8 55.
b5 1-0

[Event "EU-chT Seniors 15th"]
[Site "Dresden"]
[Date "2013.07.22"]
[Round "3"]
[White "Svensson, Leif"]
[Black "Oblamski, Vladimir"]
[Result "1/2-1/2"]
[WhiteElo "2120"]
[BlackElo "2131"]
[EventDate "2013.07.20"]
[PlyCount "37"]

1.d4 d5 2.Nc3 Nf6 3.Bg5 e6 4.e4 dxe4 5.Nxe4 Nbd7 6.Nf3 Be7 7.Nxf6+ Bxf6 8.
Bxf6 Nxf6 9.Qd2 O-O 10.O-O-O b6 11.Ne5 Bb7 12.f3 Rc8 13.Kb1 c5 14.dxc5 
Qxd2 15.Rxd2 Rxc5 16.Nd7 Nxd7 17.Rxd7 Rd5 18.Rxd5 Bxd5 19.Be2 1/2-1/2

[Event "EU-chT Seniors 15th"]
[Site "Dresden"]
[Date "2013.07.22"]
[Round "3"]
[White "Veremeichik, Vladimir"]
[Black "Malmdin, Nils Ake"]
[Result "0-1"]
[WhiteElo "2340"]
[BlackElo "2242"]
[EventDate "2013.07.20"]
[PlyCount "84"]

1.d4 Nf6 2.c4 g6 3.Nc3 Bg7 4.e4 d6 5.f3 O-O 6.Be3 c5 7.Nge2 Nc6 8.d5 Ne5 
9.Ng3 e6 10.Be2 exd5 11.cxd5 a6 12.a4 Bd7 13.O-O b5 14.h3 Rb8 15.axb5 Bxb5
16.Nxb5 axb5 17.Qc2 Nc4 18.Bxc4 bxc4 19.Rfb1 Rb3 20.Bf4 Qb6 21.Qxc4 Rxb2 
22.Rxb2 Qxb2 23.Ra2 Qb1+ 24.Nf1 Nh5 25.Bxd6 Bd4+ 26.Kh2 Rd8 27.Bg3 Nxg3 
28.Kxg3 Qb8+ 29.f4 g5 30.e5 gxf4+ 31.Kf3 Qxe5 32.Re2 Qh5+ 33.Kxf4 Rxd5 34.
Re8+ Kg7 35.Ng3 Qh4+ 36.Kf3 Qf6+ 37.Ke4 Rg5 38.Qb3 Qc6+ 39.Kf4 Qf6+ 40.Ke4
Bf2 41.Nh5+ Rxh5 42.Qb8 Qf5# 0-1

[Event "EU-chT Seniors 15th"]
[Site "Dresden"]
[Date "2013.07.22"]
[Round "3"]
[White "Vinke, Dietmar"]
[Black "Klundt, Klaus"]
[Result "1/2-1/2"]
[WhiteElo "2225"]
[BlackElo "2338"]
[EventDate "2013.07.20"]
[PlyCount "125"]

1.Nf3 Nf6 2.g3 d5 3.Bg2 c6 4.O-O Bf5 5.d3 Nbd7 6.Nbd2 e5 7.Nh4 Be6 8.e4 
Bc5 9.Nb3 Bb6 10.Qe2 O-O 11.h3 a5 12.Nd2 Re8 13.Rd1 Qe7 14.Nf1 a4 15.a3 
Qc5 16.Ne3 Qb5 17.Nhf5 Bc7 18.c4 dxc4 19.dxc4 Qa6 20.f3 Nc5 21.Bf1 Nb3 22.
Rb1 Bb6 23.Kg2 Rad8 24.Nd6 Re7 25.Nef5 Red7 26.Bg5 Nd4 27.Nxd4 Bxd4 28.Nf5
Bxf5 29.exf5 Rd6 30.Qc2 Qa7 31.b4 axb3 32.Rxb3 h6 33.Bxf6 Rxf6 34.c5 Rd5 
35.Qb1 Rxc5 36.Rxb7 Qxa3 37.Bd3 Rc3 38.g4 c5 39.h4 c4 40.g5 cxd3 41.gxf6 
e4 42.Qb4 exf3+ 43.Kxf3 Bxf6 44.Qxa3 Rxa3 45.Rb4 Kh7 46.Rb7 Bxh4 47.Rxf7 
d2+ 48.Ke2 Bg5 49.f6 Bxf6 50.Rxd2 Kg6 51.Rb7 h5 52.Rd3 Rxd3 53.Kxd3 Kf5 
54.Ke3 g5 55.Kf3 g4+ 56.Kg2 h4 57.Rh7 Kg6 58.Rb7 Be5 59.Rb6+ Kg5 60.Rb4 
h3+ 61.Kf2 g3+ 62.Kf3 g2 63.Rg4+ 1/2-1/2

[Event "EU-chT Seniors 15th"]
[Site "Dresden"]
[Date "2013.07.22"]
[Round "3"]
[White "Chernikov, Oleg"]
[Black "Escher, Helmut"]
[Result "1-0"]
[WhiteElo "2406"]
[BlackElo "2120"]
[EventDate "2013.07.20"]
[PlyCount "90"]

1.d4 Nf6 2.c4 g6 3.Nc3 d5 4.Nf3 Bg7 5.Bg5 c6 6.e3 O-O 7.Qb3 e6 8.Be2 Nbd7 
9.O-O b6 10.cxd5 exd5 11.Ne5 Bb7 12.f4 Qc7 13.Bf3 Qd6 14.Bh4 Ne8 15.Qa4 b5
16.Qc2 f6 17.Nd3 f5 18.Ne5 Nef6 19.a4 a6 20.Rac1 Rac8 21.Qb3 Kh8 22.Na2 
Ne4 23.Be1 Nxe5 24.fxe5 Qe6 25.Nc3 Qd7 26.Ne2 Bh6 27.Bb4 Rfe8 28.Nf4 Ng5 
29.Ra1 Ne6 30.axb5 axb5 31.Nxe6 Qxe6 32.Ra7 Qd7 33.Qc3 Ra8 34.Rfa1 Kg8 35.
Kf2 Bf8 36.Bxf8 Kxf8 37.Qc5+ Kg8 38.h4 Rxa7 39.Rxa7 Kf7 40.Ke2 Re7 41.Qb6 
Qc7 42.Qxc7 Rxc7 43.g4 Re7 44.gxf5 gxf5 45.Kf2 Kg6 1-0

[Event "EU-chT Seniors 15th"]
[Site "Dresden"]
[Date "2013.07.22"]
[Round "3"]
[White "Knaak, Joachim"]
[Black "Zhelnin, Vladimir"]
[Result "0-1"]
[WhiteElo "2197"]
[BlackElo "2459"]
[EventDate "2013.07.20"]
[PlyCount "60"]

1.d4 Nf6 2.c4 d6 3.Nc3 Nbd7 4.Nf3 e5 5.g3 g6 6.Bg2 Bg7 7.O-O O-O 8.Qc2 Re8
9.Re1 c6 10.dxe5 dxe5 11.Be3 e4 12.Nd2 Ng4 13.Nf1 Nxe3 14.Nxe3 f5 15.Rad1 
Qe7 16.Na4 Nc5 17.Nc3 Be6 18.f3 Nd7 19.Rd2 Qc5 20.Nd1 Bd4 21.Kf2 a5 22.f4 
Nf6 23.h3 Rad8 24.b3 Rd7 25.Qc1 h5 26.Rc2 h4 27.Rf1 Red8 28.gxh4 Nh5 29.
Kg1 Qe7 30.Kh2 Qxh4 0-1

[Event "EU-chT Seniors 15th"]
[Site "Dresden"]
[Date "2013.07.22"]
[Round "3"]
[White "Mishuchkov, Nikolai M"]
[Black "Lenk, Wolfgang"]
[Result "1-0"]
[WhiteElo "2359"]
[BlackElo "2203"]
[EventDate "2013.07.20"]
[PlyCount "137"]

1.Nf3 Nf6 2.d4 g6 3.g3 Bg7 4.Bg2 O-O 5.O-O d6 6.a4 Na6 7.Re1 c5 8.d5 Bf5 
9.Nbd2 Qd7 10.e4 Bg4 11.Nc4 Nc7 12.c3 Rab8 13.Bg5 Rfe8 14.Qd2 b6 15.Nh4 
Bh3 16.f3 Bxg2 17.Nxg2 a6 18.Bh6 b5 19.Bxg7 Kxg7 20.axb5 axb5 21.Nce3 Ra8 
22.Nf4 Rxa1 23.Rxa1 Ra8 24.Qd1 Qc8 25.Nd3 Ra6 26.b4 c4 27.Nf2 Nd7 28.Rxa6 
Qxa6 29.Qd4+ Kg8 30.f4 Qb6 31.Qxb6 Nxb6 32.Kg2 Kg7 33.g4 h6 34.Kf3 Na4 35.
Nfd1 Nb6 36.h4 Nd7 37.Nf2 Nb6 38.Nfd1 Nd7 39.g5 h5 40.Nc2 Nb6 41.Nd4 Nd7 
42.Ne3 Nb6 43.Nec2 Na4 44.Ne2 Kf8 45.Ke3 Ke8 46.Kd4 Nb6 47.Na3 Kf8 48.Ke3 
Nc8 49.Nd4 Na7 50.f5 Ke8 51.Ne2 Kf8 52.Nf4 Kg7 53.fxg6 fxg6 54.Ne6+ Nxe6 
55.dxe6 Kf8 56.e5 Ke8 57.Ke4 Kd8 58.exd6 exd6 59.Kd5 Ke7 60.Nc2 Nc8 61.Nd4
Nb6+ 62.Kc6 Na4 63.Kxb5 Nxc3+ 64.Kxc4 Nd1 65.Kd5 Nc3+ 66.Kc6 Na2 67.b5 
Nb4+ 68.Kb6 Nd5+ 69.Ka7 1-0

[Event "EU-chT Seniors 15th"]
[Site "Dresden"]
[Date "2013.07.22"]
[Round "3"]
[White "Weidlich, Guenter"]
[Black "Pushkov, Nikolai"]
[Result "1/2-1/2"]
[WhiteElo "2281"]
[BlackElo "2396"]
[EventDate "2013.07.20"]
[PlyCount "21"]

1.d4 Nf6 2.c4 e6 3.Nf3 b6 4.g3 Bb7 5.Bg2 Be7 6.Nc3 Na6 7.O-O O-O 8.d5 Bb4 
9.dxe6 dxe6 10.Qc2 Nc5 11.Bf4 1/2-1/2

[Event "EU-chT Seniors 15th"]
[Site "Dresden"]
[Date "2013.07.22"]
[Round "3"]
[White "Hjertenes, Oystein"]
[Black "Schlag, Franz"]
[Result "1/2-1/2"]
[WhiteElo "2096"]
[BlackElo "2037"]
[EventDate "2013.07.20"]
[PlyCount "40"]

1.Nf3 d6 2.g3 g6 3.d4 Bg7 4.Bg2 Nf6 5.O-O O-O 6.c4 c6 7.Nc3 Bf5 8.h3 Ne4 
9.Nd2 Nxc3 10.bxc3 h5 11.e4 Bd7 12.Nb3 Na6 13.Be3 Qc8 14.Kh2 Be6 15.Qe2 
Nc7 16.Rac1 Bd7 17.f4 f5 18.e5 Kh7 19.Rb1 b6 20.Rfd1 Rb8 1/2-1/2

[Event "EU-chT Seniors 15th"]
[Site "Dresden"]
[Date "2013.07.22"]
[Round "3"]
[White "Neukirch, Detlef"]
[Black "Bondick, Karl Heinz"]
[Result "1-0"]
[WhiteElo "2247"]
[BlackElo "2082"]
[EventDate "2013.07.20"]
[PlyCount "93"]

1.e4 d5 2.exd5 c6 3.dxc6 Nxc6 4.Nf3 e5 5.Bb5 Bd6 6.Nc3 Ne7 7.d4 exd4 8.
Qxd4 O-O 9.Qh4 Bf5 10.Ba4 a6 11.O-O Qc7 12.Be3 Bg6 13.Bb3 Rae8 14.Nd5 Nxd5
15.Bxd5 Nb4 16.Bb3 Qd7 17.Rad1 Qc7 18.Rd4 Nc6 19.Rg4 Ne5 20.Nxe5 Bxe5 21.
Bd4 Bxd4 22.Rxd4 Re2 23.Qg4 Rfe8 24.Rd7 Qb6 25.Qf3 R2e7 26.Rxe7 Rxe7 27.h3
h6 28.Rd1 Kh7 29.Qf4 Qa5 30.Kh2 Re4 31.Qg3 Re2 32.Rd7 Qf5 33.Rxb7 Rxf2 34.
Rb6 Qc5 35.Rc6 Qd4 36.Rc4 Qf6 37.Qc3 Qg5 38.Rg4 Qc1 39.Qd4 Rf1 40.Qe5 f6 
41.Qe2 Bf5 42.Qe8 Rh1+ 43.Kg3 Qe1+ 44.Qxe1 Rxe1 45.Ra4 Rb1 46.Rxa6 Rxb2 
47.Rb6 1-0

[Event "EU-chT Seniors 15th"]
[Site "Dresden"]
[Date "2013.07.23"]
[Round "4"]
[White "Danner, Georg"]
[Black "Weiss, Werner"]
[Result "1-0"]
[WhiteElo "2315"]
[BlackElo "2189"]
[EventDate "2013.07.20"]
[PlyCount "94"]

1.d4 d6 2.Nf3 Bg4 3.e4 Nf6 4.Nc3 c6 5.h3 Bh5 6.Qe2 e6 7.g4 Bg6 8.h4 h5 9.
g5 Nfd7 10.Bf4 Be7 11.Bh3 O-O 12.O-O Re8 13.Rad1 b5 14.Rfe1 Bf8 15.Nh2 b4 
16.Nb1 Qa5 17.a3 e5 18.dxe5 bxa3 19.Nxa3 Nxe5 20.Qd2 Qxd2 21.Bxd2 Ng4 22.
Nxg4 hxg4 23.Bxg4 Na6 24.f3 Rab8 25.Bc3 Nc5 26.Nc4 d5 27.exd5 Rxe1+ 28.
Rxe1 cxd5 29.Ne3 Na4 30.h5 Bh7 31.Be5 Rd8 32.b3 Nb6 33.Bd4 Bd6 34.Ra1 Bb8 
35.Kf2 Re8 36.Bf5 Bxf5 37.Nxf5 Be5 38.Rxa7 Bxd4+ 39.Nxd4 Rb8 40.Nc6 Re8 
41.Rb7 Nc8 42.Rb8 Kh7 43.b4 f6 44.gxf6 gxf6 45.b5 Nd6 46.Rxe8 Nxe8 47.Ne7 
Nd6 1-0

[Event "EU-chT Seniors 15th"]
[Site "Dresden"]
[Date "2013.07.23"]
[Round "4"]
[White "Hollstein, Joachim"]
[Black "Danner, Lambert"]
[Result "1-0"]
[WhiteElo "2067"]
[BlackElo "2124"]
[EventDate "2013.07.20"]
[PlyCount "79"]

1.d4 f5 2.Nf3 Nf6 3.Bg5 Ne4 4.Bf4 b6 5.Nbd2 Bb7 6.e3 e6 7.Ne5 Qf6 8.h4 g6 
9.f3 Nxd2 10.Qxd2 d6 11.O-O-O Be7 12.Qc3 c6 13.Nc4 Qf8 14.Qb3 Kf7 15.g4 
Nd7 16.gxf5 gxf5 17.Bh3 Ba6 18.e4 d5 19.Ne5+ Nxe5 20.Bxe5 Rg8 21.exf5 exf5
22.Bxf5 Qh6+ 23.f4 Rg2 24.Rdg1 Rag8 25.Rxg2 Rxg2 26.Qf3 Rg8 27.Kb1 Bc8 28.
Bd3 Bg4 29.Qf2 Qh5 30.f5 Bf6 31.Bxf6 Kxf6 32.Qf4 Re8 33.Qd6+ Kg7 34.Rg1 
Qxh4 35.f6+ Kf7 36.a4 Re1+ 37.Ka2 h5 38.Qc7+ Kf8 39.Qg7+ Ke8 40.f7+ 1-0

[Event "EU-chT Seniors 15th"]
[Site "Dresden"]
[Date "2013.07.23"]
[Round "4"]
[White "Kugelmann, Werner"]
[Black "Woeber, Friedrich"]
[Result "1/2-1/2"]
[WhiteElo "2143"]
[BlackElo "2192"]
[EventDate "2013.07.20"]
[PlyCount "40"]

1.e4 d5 2.Nc3 dxe4 3.Nxe4 Qd5 4.Nc3 Qa5 5.d4 Nf6 6.Bc4 c6 7.Nf3 Bf5 8.Bd2 
e6 9.Ne4 Qc7 10.Ng3 Bg6 11.Bb3 Nbd7 12.Qe2 O-O-O 13.O-O Bd6 14.Rfe1 Rhe8 
15.Bg5 h6 16.Bxf6 Nxf6 17.Ne5 Bxe5 18.dxe5 Nd7 19.Rad1 Nc5 20.f4 Rxd1 
1/2-1/2

[Event "EU-chT Seniors 15th"]
[Site "Dresden"]
[Date "2013.07.23"]
[Round "4"]
[White "Winiwarter, Felix"]
[Black "Boehm, Erwin"]
[Result "1/2-1/2"]
[WhiteElo "2167"]
[BlackElo "2221"]
[EventDate "2013.07.20"]
[PlyCount "49"]

1.Nf3 g6 2.g3 Bg7 3.d4 d6 4.Bg2 e5 5.O-O Nc6 6.d5 Nce7 7.e4 f5 8.c4 Nf6 9.
Nc3 h6 10.Ne1 fxe4 11.Nxe4 Nxe4 12.Bxe4 Bh3 13.Ng2 O-O 14.Qd3 g5 15.f4 
gxf4 16.gxf4 Qd7 17.Rf3 Bxg2 18.Kxg2 exf4 19.Bxf4 Qg4+ 20.Bg3 Rxf3 21.Bxf3
Qg5 22.Be4 Rf8 23.Kh1 Nf5 24.Bxf5 Qxf5 25.Qxf5 1/2-1/2

[Event "EU-chT Seniors 15th"]
[Site "Dresden"]
[Date "2013.07.23"]
[Round "4"]
[White "Baumgarten, Werner"]
[Black "Schneider, Miloca"]
[Result "1/2-1/2"]
[WhiteElo "1956"]
[BlackElo "1957"]
[EventDate "2013.07.20"]
[PlyCount "56"]

1.c4 c5 2.Nc3 Nf6 3.g3 d6 4.Bg2 Nc6 5.e4 e5 6.Nge2 Be7 7.O-O O-O 8.f4 Bg4 
9.h3 Bxe2 10.Nxe2 exf4 11.Nxf4 Ne5 12.d3 Qd7 13.Rb1 a5 14.b3 Rae8 15.Bb2 
Nc6 16.g4 Qd8 17.Qd2 Nd7 18.Nd5 Bg5 19.Qc3 Nd4 20.Qe1 Nf6 21.Nc3 Nd7 22.
Nd5 Nc6 23.Rf5 Nde5 24.Qg3 g6 25.Rff1 Bh4 26.Qe3 Bg5 27.Qe2 Re6 28.Rf2 Bh4
1/2-1/2